| 000 | 03272nam0a2200433 4500 | ||
|---|---|---|---|
| 001 | RU\NLR\BIBL_A\022535331 | ||
| 005 | 20250806114223.0 | ||
| 010 |
_a978-5-8154-0723-7 _9550 |
||
| 021 |
_aRU _bКН-П-25-014745 _9КН-П-25-1497 |
||
| 035 | _a(NLR Aleph) 022535331 | ||
| 090 |
_a13461233 _c13461233 |
||
| 100 | _a20250505d2025 u y0rusy50 ca | ||
| 101 | 0 | _arus | |
| 102 | _aRU | ||
| 105 | _ay ej 011yy | ||
| 181 | 0 |
_ai _baxxe |
|
| 182 | 0 | _an | |
| 200 | 1 |
_aМедиакоммуникации _eучебный словарь _eнаправления подготовки: 42.03.05 "Медиакоммуникации", профиль "Медиакоммуникации в коммерческой и социальной сферах" (бакалавр); 42.04.05 "Медиакоммуникации", профиль "Медиаменеджмент" (магистр) _fЕ. И. Боброва, О. В. Дворовенко, А. Ш. Меркулова [и др.] _gпод редакцией: Дворовенко Ольги Владимировны, кандидата педагогических наук, Меркулова Альмиры Шевкетовны, кандидата педагогических наук,доцента _gМинистерство культуры Российской Федерации, ФГБОУ ВО "Кемеровский государственный институт культуры", Факультет информационных, библиотечных и музейных технологий, Кафедра технологии документальных и медиакоммуникаций |
|
| 203 |
_aТекст _bвизуальный _cнепосредственный |
||
| 210 |
_aКемерово _cКемГИК _d2025 |
||
| 215 |
_a115 с. _d21 |
||
| 225 | 1 |
_aСерия учебных словарей "Культуросфера" _fответственный редактор: Скипор И. Л., кандидат педагогических наук, доцент |
|
| 300 | _aАвт. указаны на обороте тит. с. | ||
| 300 | _aПосвящ. 55-летию со дня основания Кемер. гос. ин-та культуры | ||
| 320 | _aБиблиогр.: с. 113–114 (14 назв.) | ||
| 320 | _aПредм. указ.: с. 95–112 | ||
| 606 | 1 |
_aМедиасистема _jСловари _2nlr_sh2 _3RU\NLR\AUTH\6601748172 |
|
| 686 | 1 | _aЧ60.0я21 | |
| 701 | 1 |
_aБоброва _bЕ. И. _cканд. пед. наук, библиотековедение _gЕлена Ивановна _3RU\NLR\AUTH\770172974 |
|
| 701 | 1 |
_aДворовенко _bО. В. _gОльга Владимировна |
|
| 701 | 1 |
_aМеркулова _bА. Ш. _gАльмира Шевкетовна |
|
| 702 | 1 |
_aДворовенко _bО. В. _gОльга Владимировна _4340 |
|
| 712 | 0 | 2 |
_aКемеровский государственный институт культуры _bКафедра технологии документальных и медиакоммуникаций _3RU\NLR\AUTH\880603936 _4570 |
| 942 | _cBOOK | ||
| 980 | _aNB | ||